[Event "Nordre Efteraar"]
[Site "Aarhus"]
[Date "1998.10.15"]
[Round "6"]
[White "Boe, Mads"]
[Black "Rossen, Claus"]
[Result "1-0"]
[WhiteElo "2345"]
[BlackElo "2170"]
[PlyCount "181"]
[EventDate "1998.10.??"]
[EventType "schev"]
[EventRounds "9"]
[EventCountry "DEN"]
[SourceTitle "EXT 2000"]
[Source "ChessBase"]
[SourceDate "1999.11.16"]

1. e4 d6 2. d4 Nf6 3. Nc3 g6 4. Be3 c6 5. Qd2 b5 6. f3 Nbd7 7. O-O-O Qa5 8. Kb1
b4 9. Nce2 h6 10. c4 Bg7 11. Nc1 c5 12. Nb3 Qc7 13. dxc5 Nxc5 14. Nxc5 dxc5 15.
Ne2 Bb7 16. Nc1 O-O 17. Bxh6 Rfd8 18. Bd3 Bxe4 19. fxe4 Nxe4 20. Qf4 Qxf4 21.
Bxf4 Nf2 22. Kc2 Nxh1 23. Rxh1 a5 24. Re1 Ra7 25. Be3 Bd4 26. Nb3 Rc7 27. Nxd4
cxd4 28. Bf4 Ra7 29. g4 Kg7 30. g5 Rh8 31. Be5+ f6 32. Bxd4 Rxh2+ 33. Kc1 Rd7
34. Rxe7+ Rxe7 35. gxf6+ Kf7 36. fxe7 Kxe7 37. Bxg6 Rh4 38. Be3 Rxc4+ 39. Kd2
Rg4 40. Bd3 Kd6 41. Be2 Rg8 42. Kd3 Rc8 43. Bd1 Re8 44. Bb6 Re5 45. Ba4 Rh5 46.
Kc4 Rh2 47. b3 Rh5 48. Ba7 Kc7 49. Be8 Re5 50. Bf7 Kb7 51. Bd4 Re7 52. Bg6 Ka6
53. Bf5 Rc7+ 54. Bc5 Rc6 55. Bd7 Rc7 56. Bg4 Rc6 57. Be2 Re6 58. Bd3 Rh6 59.
Be3 Rc6+ 60. Kd5+ Kb7 61. Bc4 Rc8 62. Bf4 Rc6 63. Bg5 Rc8 64. Kd6 Rf8 65. Kd7
Rf2 66. Bd5+ Ka6 67. Kc7 Rf5 68. Bc4+ Ka7 69. Be3+ Ka8 70. Kb6 Re5 71. Bd4 Rh5
72. Bb5 Kb8 73. Kxa5 Rh4 74. Bc5 Kb7 75. Bxb4 Rh8 76. Ba6+ Kc6 77. Bc3 Rh5+ 78.
Kb4 Kb6 79. Bc4 Rh4 80. a4 Rg4 81. a5+ Ka7 82. Be5 Re4 83. Bd6 Rh4 84. a6 Rh5
85. Bc5+ Ka8 86. Be6 Kb8 87. Kb5 Rg5 88. Bd7 Rg6 89. Bc6 Rg3 90. a7+ Kc7 91.
Bd6+ 1-0

[Event "Nordre Efteraar"]
[Site "Aarhus"]
[Date "1998.10.12"]
[Round "3"]
[White "Boe, Mads"]
[Black "Jensen, Vagn"]
[Result "1-0"]
[WhiteElo "2345"]
[BlackElo "2270"]
[PlyCount "67"]
[EventDate "1998.10.??"]
[EventType "schev"]
[EventRounds "9"]
[EventCountry "DEN"]
[SourceTitle "EXT 2000"]
[Source "ChessBase"]
[SourceDate "1999.11.16"]

1. d4 d5 2. c3 Nf6 3. Bg5 c6 4. Nd2 Bf5 5. e3 Nbd7 6. Ngf3 h6 7. Bh4 e6 8. Be2
Bd6 9. Bg3 Bxg3 10. hxg3 Qc7 11. Qb3 O-O 12. c4 Ne4 13. O-O Rfe8 14. Rac1 Qb6
15. c5 Qc7 16. Rfd1 Bg4 17. Qc2 Nxd2 18. Rxd2 Bxf3 19. gxf3 e5 20. dxe5 Rxe5
21. Rd4 Nf6 22. Kg2 Rae8 23. Rh1 Rh5 24. Rxh5 Nxh5 25. Qc3 Nf6 26. Bd1 Nd7 27.
Bc2 b6 28. cxb6 axb6 29. Rxd5 Nf6 30. Rd4 Qb7 31. Qd3 g6 32. Rd6 Nd5 33. Bb3
Qc7 34. Bxd5 1-0

[Event "Nordre Efteraar"]
[Site "Aarhus"]
[Date "1998.10.17"]
[Round "8"]
[White "Boe, Mads"]
[Black "Ziegler, Ari"]
[Result "0-1"]
[WhiteElo "2345"]
[BlackElo "2410"]
[PlyCount "48"]
[EventDate "1998.10.??"]
[EventType "schev"]
[EventRounds "9"]
[EventCountry "DEN"]
[SourceTitle "EXT 2000"]
[Source "ChessBase"]
[SourceDate "1999.11.16"]

1. e4 e5 2. Nf3 Nf6 3. Nxe5 d6 4. Nf3 Nxe4 5. Qe2 Qe7 6. d3 Nf6 7. Bg5 Be6 8.
Nc3 Nbd7 9. Nd4 O-O-O 10. Nxe6 fxe6 11. O-O-O h6 12. Be3 Kb8 13. d4 Nb6 14. Re1
g5 15. h4 gxh4 16. Bd2 Re8 17. Rxh4 Bg7 18. g3 d5 19. Bf4 Nc4 20. Qd1 Nxb2 21.
Kxb2 Qb4+ 22. Kc1 Qxc3 23. Re3 Qa1+ 24. Kd2 Ne4+ 0-1

[Event "Nordre Efteraar"]
[Site "Aarhus"]
[Date "1998.10.10"]
[Round "1"]
[White "Boe, Mads"]
[Black "Czerwonski, Aleksander"]
[Result "0-1"]
[WhiteElo "2345"]
[BlackElo "2390"]
[PlyCount "108"]
[EventDate "1998.10.??"]
[EventType "schev"]
[EventRounds "9"]
[EventCountry "DEN"]
[SourceTitle "EXT 2000"]
[Source "ChessBase"]
[SourceDate "1999.11.16"]

1. e4 d6 2. d4 Nf6 3. Nc3 g6 4. Be3 c6 5. f3 Qb6 6. Bc4 Qxb2 7. Nge2 Qb4 8. Bb3
Bg7 9. O-O O-O 10. a4 Qa5 11. Qe1 e5 12. d5 c5 13. Bd2 Qd8 14. a5 Ne8 15. Nc1
f5 16. Nd3 Nd7 17. Nb2 f4 18. Nc4 g5 19. g4 fxg3 20. hxg3 h5 21. Qe2 Bh6 22.
Ba4 Ndf6 23. Qh2 Ng7 24. Rab1 Kh7 25. Nb5 Nfe8 26. Nc3 Nc7 27. Nd1 Rf6 28. Nde3
Qf8 29. Kg2 Rb8 30. g4 Qf7 31. Nf5 Bxf5 32. gxf5 Nxd5 33. exd5 Nxf5 34. Kh1 Nh4
35. c3 Nxf3 36. Qe2 Rf8 37. Bc2+ Kh8 38. Be4 g4 39. Bxh6 Rxh6 40. Qe3 Rf6 41.
Bxf3 gxf3 42. Nd2 Rf4 43. Nxf3 Qxd5 44. Kh2 Qa2+ 45. Kh1 Qe6 46. Nh2 Qd5+ 47.
Rf3 R8f6 48. Rbf1 b5 49. Qe2 Kg7 50. Qg2+ Rg6 51. Qh3 Kh6 52. Qc8 Rg8 53. Qd7
Rg3 54. Qe8 Rfxf3 0-1

[Event "Nordre Efteraar"]
[Site "Aarhus"]
[Date "1998.10.18"]
[Round "9"]
[White "Bus, Mariusz"]
[Black "Matthiesen, Martin"]
[Result "1-0"]
[WhiteElo "2370"]
[BlackElo "2275"]
[PlyCount "80"]
[EventDate "1998.10.??"]
[EventType "schev"]
[EventRounds "9"]
[EventCountry "DEN"]
[SourceTitle "EXT 2000"]
[Source "ChessBase"]
[SourceDate "1999.11.16"]

1. e4 d6 2. d4 Nf6 3. Nc3 g6 4. g3 Bg7 5. Bg2 O-O 6. Nge2 e5 7. O-O Nc6 8. dxe5
dxe5 9. Bg5 h6 10. Qxd8 Rxd8 11. Bxf6 Bxf6 12. Nd5 Kg7 13. Nxc7 Rb8 14. Rfd1
Be6 15. Nd5 Bxd5 16. exd5 Nd4 17. Nxd4 exd4 18. Rd2 Rbc8 19. Kf1 Re8 20. Re1
Kf8 21. Rxe8+ Rxe8 22. d6 Rd8 23. Bxb7 Rxd6 24. Rd3 Rb6 25. Be4 Be7 26. Rb3
Rxb3 27. axb3 Bc5 28. Ke2 Ke7 29. Kd3 Kd6 30. f3 a5 31. Kc4 g5 32. Bb7 f6 33.
Be4 Bb6 34. Kb5 Bd8 35. c4 dxc3 36. bxc3 Bc7 37. c4 Bd8 38. c5+ Kd7 39. Bf5+
Ke7 40. Kc6 Ke8 1-0

[Event "Nordre Efteraar"]
[Site "Aarhus"]
[Date "1998.10.16"]
[Round "7"]
[White "Bus, Mariusz"]
[Black "Pedersen, Jan"]
[Result "1-0"]
[WhiteElo "2370"]
[BlackElo "2355"]
[PlyCount "33"]
[EventDate "1998.10.??"]
[EventType "schev"]
[EventRounds "9"]
[EventCountry "DEN"]
[SourceTitle "EXT 2000"]
[Source "ChessBase"]
[SourceDate "1999.11.16"]

1. e4 e6 2. d4 d5 3. exd5 exd5 4. Nf3 Nc6 5. Bb5 Bd7 6. O-O a6 7. Re1+ Be7 8.
Bxc6 Bxc6 9. Ne5 Nf6 10. Nxc6 bxc6 11. Qe2 Qd7 12. Bg5 O-O 13. Qxe7 Rfe8 14.
Qb4 Rab8 15. Qa5 Ne4 16. Be3 Rxb2 17. Nd2 1-0

[Event "Nordre Efteraar"]
[Site "Aarhus"]
[Date "1998.10.10"]
[Round "1"]
[White "Bus, Mariusz"]
[Black "Johansen, Morten"]
[Result "1/2-1/2"]
[WhiteElo "2370"]
[BlackElo "2285"]
[PlyCount "68"]
[EventDate "1998.10.??"]
[EventType "schev"]
[EventRounds "9"]
[EventCountry "DEN"]
[SourceTitle "EXT 2000"]
[Source "ChessBase"]
[SourceDate "1999.11.16"]

1. e4 d5 2. exd5 Qxd5 3. Nc3 Qa5 4. d4 Nf6 5. Nf3 Bf5 6. Bc4 c6 7. O-O e6 8.
Qe2 Bb4 9. Nd1 O-O 10. Bf4 Nd5 11. Bg3 Nd7 12. Nh4 Bg6 13. Nxg6 hxg6 14. Ne3
N7f6 15. Qf3 Qd8 16. Bb3 Bd6 17. Rad1 Bxg3 18. hxg3 a5 19. a4 b5 20. Rfe1 Rc8
21. Re2 Qd6 22. Nxd5 Nxd5 23. Ra1 Qb4 24. axb5 cxb5 25. Bxd5 Qxb2 26. Qa3 Qxa3
27. Rxa3 exd5 28. Rxa5 Rc4 29. c3 Rxc3 30. Rxb5 Rc1+ 31. Kh2 Rd8 32. Re5 Rc4
33. Rexd5 Rxd4 34. Rxd4 Rxd4 1/2-1/2

[Event "Nordre Efteraar"]
[Site "Aarhus"]
[Date "1998.10.14"]
[Round "5"]
[White "Bus, Mariusz"]
[Black "Boe, Mads"]
[Result "1/2-1/2"]
[WhiteElo "2370"]
[BlackElo "2345"]
[PlyCount "59"]
[EventDate "1998.10.??"]
[EventType "schev"]
[EventRounds "9"]
[EventCountry "DEN"]
[SourceTitle "EXT 2000"]
[Source "ChessBase"]
[SourceDate "1999.11.16"]

1. e4 c6 2. d4 d5 3. Nd2 dxe4 4. Nxe4 Bf5 5. Ng3 Bg6 6. Nf3 Nd7 7. Be2 Ngf6 8.
O-O e6 9. b3 Bd6 10. Bb2 Qc7 11. c4 O-O 12. Nh4 Rad8 13. Nxg6 hxg6 14. Qc2 Rfe8
15. a3 e5 16. c5 Bf8 17. b4 exd4 18. Bxd4 Qf4 19. Rad1 Nd5 20. Bc4 Ne5 21. Bb3
Qh4 22. Bb2 Nf4 23. Bxe5 Rxe5 24. Rxd8 Qxd8 25. Qc4 Nd5 26. Qd4 Qf6 27. h3 Be7
28. Qg4 Re6 29. Rd1 a5 30. Ne4 1/2-1/2

[Event "Nordre Efteraar"]
[Site "Aarhus"]
[Date "1998.10.12"]
[Round "3"]
[White "Bus, Mariusz"]
[Black "Christensen, Jan Schleicher"]
[Result "1-0"]
[WhiteElo "2370"]
[BlackElo "2225"]
[PlyCount "37"]
[EventDate "1998.10.??"]
[EventType "schev"]
[EventRounds "9"]
[EventCountry "DEN"]
[SourceTitle "EXT 2000"]
[Source "ChessBase"]
[SourceDate "1999.11.16"]

1. e4 e5 2. Nf3 Nc6 3. Bc4 Bc5 4. c3 Nf6 5. d3 d6 6. Nbd2 a6 7. Bb3 Ba7 8. O-O
O-O 9. h3 Ne7 10. Re1 Ng6 11. Nf1 Be6 12. Ng3 c6 13. d4 Qd7 14. Bg5 Ne8 15.
dxe5 Bxh3 16. gxh3 Qxh3 17. Be3 dxe5 18. Ng5 Qh4 19. Nf5 1-0

[Event "Nordre Efteraar"]
[Site "Aarhus"]
[Date "1998.10.15"]
[Round "6"]
[White "Christensen, Jan Schleicher"]
[Black "Ziegler, Ari"]
[Result "0-1"]
[WhiteElo "2225"]
[BlackElo "2410"]
[PlyCount "98"]
[EventDate "1998.10.??"]
[EventType "schev"]
[EventRounds "9"]
[EventCountry "DEN"]
[SourceTitle "EXT 2000"]
[Source "ChessBase"]
[SourceDate "1999.11.16"]

1. d4 d5 2. c4 c6 3. Nf3 Nf6 4. Nc3 e6 5. cxd5 exd5 6. Qc2 Be7 7. Bg5 O-O 8. e3
Na6 9. a3 Nc7 10. Bd3 g6 11. Bh6 Re8 12. h3 Ne6 13. O-O Ng7 14. g4 Bd6 15. Bg5
h5 16. Bxg6 fxg6 17. Qxg6 Rf8 18. Bh6 Qe7 19. Ng5 hxg4 20. e4 dxe4 21. Ncxe4
Bf5 22. Qxg7+ Qxg7 23. Bxg7 Nxe4 24. Bxf8 Rxf8 25. hxg4 Nxg5 26. gxf5 Rxf5 27.
Rad1 Kf7 28. Rd3 Ke6 29. Kg2 Kd5 30. Rh1 Ne6 31. Rb3 b5 32. Rh7 Nxd4 33. Rd3
Bc5 34. Rd7+ Ke5 35. Re3+ Kf6 36. b4 Bb6 37. Rd6+ Kf7 38. Rd7+ Kg6 39. Re4 Rg5+
40. Kf1 Nf3 41. Ke2 Rf5 42. Rd3 Ng5 43. Rd6+ Rf6 44. Rxf6+ Kxf6 45. Re8 Ne6 46.
Rc8 Nd8 47. f4 Ke6 48. Kf3 Kd7 49. Ra8 Kc7 0-1

[Event "Nordre Efteraar"]
[Site "Aarhus"]
[Date "1998.10.13"]
[Round "4"]
[White "Christensen, Jan Schleicher"]
[Black "Rossen, Claus"]
[Result "1-0"]
[WhiteElo "2225"]
[BlackElo "2170"]
[PlyCount "81"]
[EventDate "1998.10.??"]
[EventType "schev"]
[EventRounds "9"]
[EventCountry "DEN"]
[SourceTitle "EXT 2000"]
[Source "ChessBase"]
[SourceDate "1999.11.16"]

1. d4 g6 2. e4 Bg7 3. Nc3 d6 4. Nf3 Nf6 5. Bf4 c6 6. Qd2 Qa5 7. Bd3 c5 8. dxc5
Qxc5 9. Bb5+ Bd7 10. Be2 O-O 11. O-O Bc6 12. Bd3 Nbd7 13. a3 Ng4 14. Rad1 Bxc3
15. bxc3 Nge5 16. Nd4 Rac8 17. Rb1 Nc4 18. Qe2 Ncb6 19. Be3 Qxc3 20. Rb3 Qa5
21. Bd2 Qe5 22. Bc3 Qc5 23. Qd2 Ba4 24. Nf5 e5 25. Bb4 Qc7 26. Ne7+ Kg7 27. Rc3
Nc5 28. Nxc8 Nxc8 29. Qe3 b6 30. Rd1 Qb7 31. Bxc5 dxc5 32. Bc4 Bc6 33. Bd5 Ne7
34. Rcd3 Qa6 35. h4 Bb5 36. R3d2 h6 37. Qg3 f6 38. Qg4 Qc8 39. Be6 Qe8 40. Bd7
Bxd7 41. Rxd7 1-0

[Event "Nordre Efteraar"]
[Site "Aarhus"]
[Date "1998.10.10"]
[Round "1"]
[White "Christensen, Jan Schleicher"]
[Black "Jensen, Vagn"]
[Result "1-0"]
[WhiteElo "2225"]
[BlackElo "2270"]
[PlyCount "33"]
[EventDate "1998.10.??"]
[EventType "schev"]
[EventRounds "9"]
[EventCountry "DEN"]
[SourceTitle "EXT 2000"]
[Source "ChessBase"]
[SourceDate "1999.11.16"]

1. d4 g6 2. e4 Bg7 3. Nc3 d6 4. Be3 c6 5. Qd2 b5 6. Bd3 a6 7. a4 Bb7 8. Nf3 Nd7
9. O-O Qb8 10. Rfe1 Ngf6 11. e5 dxe5 12. dxe5 Nxe5 13. Nxe5 Qxe5 14. axb5 cxb5
15. Bf4 Qh5 16. Bxb5+ Kf8 17. Rxe7 1-0

[Event "Nordre Efteraar"]
[Site "Aarhus"]
[Date "1998.10.18"]
[Round "9"]
[White "Czerwonski, Aleksander"]
[Black "Pedersen, Nicolai Vesterbaek"]
[Result "1/2-1/2"]
[WhiteElo "2390"]
[BlackElo "2315"]
[PlyCount "40"]
[EventDate "1998.10.??"]
[EventType "schev"]
[EventRounds "9"]
[EventCountry "DEN"]
[SourceTitle "EXT 2000"]
[Source "ChessBase"]
[SourceDate "1999.11.16"]

1. d4 Nf6 2. c4 e6 3. Nf3 d5 4. Nc3 c5 5. cxd5 cxd4 6. Nxd4 Nxd5 7. e4 Nxc3 8.
bxc3 a6 9. Qb3 Nd7 10. Be3 b5 11. Be2 Bb7 12. f3 Rc8 13. O-O Qc7 14. Rac1 Nc5
15. Qc2 Bd6 16. h3 Bf4 17. Qd2 Bxe3+ 18. Qxe3 O-O 19. c4 b4 20. a3 bxa3 1/2-1/2

[Event "Nordre Efteraar"]
[Site "Aarhus"]
[Date "1998.10.16"]
[Round "7"]
[White "Czerwonski, Aleksander"]
[Black "Hoiberg, Nina"]
[Result "1/2-1/2"]
[WhiteElo "2390"]
[BlackElo "2290"]
[PlyCount "112"]
[EventDate "1998.10.??"]
[EventType "schev"]
[EventRounds "9"]
[EventCountry "DEN"]
[SourceTitle "EXT 2000"]
[Source "ChessBase"]
[SourceDate "1999.11.16"]

1. d4 d6 2. c4 e5 3. Nf3 e4 4. Ng5 f5 5. Nc3 c6 6. g3 Be7 7. Nh3 Nf6 8. Bg2 O-O
9. O-O Na6 10. f3 exf3 11. exf3 Nc7 12. d5 c5 13. Nf4 Re8 14. b3 Bf8 15. Bb2 g6
16. Qd2 Bh6 17. Rfe1 Bd7 18. a4 Nh5 19. Nce2 Qe7 20. Qc2 Nxf4 21. Nxf4 Qf7 22.
Nd3 Bg7 23. Kf2 Bxb2 24. Qxb2 Qg7 25. Qxg7+ Kxg7 26. b4 cxb4 27. Nxb4 Rxe1 28.
Kxe1 f4 29. gxf4 Rf8 30. Nd3 Bf5 31. Nf2 Na6 32. Kd2 Nc5 33. Ke3 Re8+ 34. Ne4
b6 35. Ra2 Nb7 36. Bf1 h6 37. Bd3 Bxe4 38. fxe4 g5 39. Rg2 Kf6 40. e5+ dxe5 41.
fxg5+ hxg5 42. Rf2+ Ke7 43. Rf5 Rh8 44. Rxg5 Rh3+ 45. Rg3 Rxg3+ 46. hxg3 Kf6
47. Kf3 Kg5 48. g4 Kf6 49. Be2 a5 50. Bd3 Nd6 51. Ke3 Kg5 52. Be2 Kf6 53. Kf3
Kg5 54. Kg3 Ne4+ 55. Kf3 Nd6 56. Kg3 Ne4+ 1/2-1/2

[Event "Nordre Efteraar"]
[Site "Aarhus"]
[Date "1998.10.13"]
[Round "4"]
[White "Czerwonski, Aleksander"]
[Black "Holst, Allan"]
[Result "1/2-1/2"]
[WhiteElo "2390"]
[BlackElo "2350"]
[PlyCount "30"]
[EventDate "1998.10.??"]
[EventType "schev"]
[EventRounds "9"]
[EventCountry "DEN"]
[SourceTitle "EXT 2000"]
[Source "ChessBase"]
[SourceDate "1999.11.16"]

1. d4 e6 2. c4 f5 3. Nf3 Nf6 4. Nc3 Bb4 5. Qc2 b6 6. a3 Bxc3+ 7. Qxc3 O-O 8. g3
Bb7 9. Bg2 Qe7 10. O-O d6 11. b4 Nbd7 12. Bb2 a5 13. Qb3 Ra7 14. Rac1 axb4 15.
axb4 Rfa8 1/2-1/2

[Event "Nordre Efteraar"]
[Site "Aarhus"]
[Date "1998.10.14"]
[Round "5"]
[White "Hellegaard, Carsten"]
[Black "Christensen, Jan Schleicher"]
[Result "0-1"]
[WhiteElo "2275"]
[BlackElo "2225"]
[PlyCount "48"]
[EventDate "1998.10.??"]
[EventType "schev"]
[EventRounds "9"]
[EventCountry "DEN"]
[SourceTitle "EXT 2000"]
[Source "ChessBase"]
[SourceDate "1999.11.16"]

1. d4 Nf6 2. Nf3 c5 3. e3 g6 4. Bd3 Bg7 5. O-O O-O 6. Nbd2 b6 7. Qe2 Bb7 8. c3
d6 9. Re1 Nc6 10. b3 e5 11. dxe5 dxe5 12. Bb2 Nh5 13. Rad1 f5 14. Bc4+ Kh8 15.
Ne4 Qe7 16. Nd6 e4 17. Ng5 Qxg5 18. Nxb7 Ne5 19. Kh1 f4 20. Nd6 Qh4 21. exf4
Ng4 22. h3 Nxf2+ 23. Kg1 Nxf4 24. Qe3 Qg5 0-1

[Event "Nordre Efteraar"]
[Site "Aarhus"]
[Date "1998.10.12"]
[Round "3"]
[White "Hellegaard, Carsten"]
[Black "Johansen, Morten"]
[Result "1-0"]
[WhiteElo "2275"]
[BlackElo "2285"]
[PlyCount "55"]
[EventDate "1998.10.??"]
[EventType "schev"]
[EventRounds "9"]
[EventCountry "DEN"]
[SourceTitle "EXT 2000"]
[Source "ChessBase"]
[SourceDate "1999.11.16"]

1. d4 d5 2. c4 c6 3. Nc3 Nf6 4. Nf3 e6 5. Bg5 Nbd7 6. e3 Be7 7. cxd5 exd5 8.
Bd3 O-O 9. Qc2 Re8 10. O-O-O Nf8 11. h3 a5 12. g4 a4 13. Nxa4 Qa5 14. Nc3 b5
15. Bxf6 Bxf6 16. g5 Be7 17. Ne5 Bb7 18. Bxh7+ Nxh7 19. g6 fxg6 20. Qxg6 Nf8
21. Qf7+ Kh8 22. Rdg1 Bf6 23. Rxg7 Bxg7 24. Rg1 Ne6 25. Rg6 Rg8 26. Rxe6 Rgf8
27. Rh6+ Bxh6 28. Ng6# 1-0

[Event "Nordre Efteraar"]
[Site "Aarhus"]
[Date "1998.10.16"]
[Round "7"]
[White "Hellegaard, Carsten"]
[Black "Boe, Mads"]
[Result "1/2-1/2"]
[WhiteElo "2275"]
[BlackElo "2345"]
[PlyCount "20"]
[EventDate "1998.10.??"]
[EventType "schev"]
[EventRounds "9"]
[EventCountry "DEN"]
[SourceTitle "EXT 2000"]
[Source "ChessBase"]
[SourceDate "1999.11.16"]

1. Nf3 e6 2. c4 f5 3. g3 Nf6 4. Bg2 d5 5. O-O c6 6. b3 Be7 7. Bb2 O-O 8. d3 a5
9. a3 Na6 10. Nbd2 Bd7 1/2-1/2

[Event "Nordre Efteraar"]
[Site "Aarhus"]
[Date "1998.10.18"]
[Round "9"]
[White "Hellegaard, Carsten"]
[Black "Pedersen, Jan"]
[Result "1/2-1/2"]
[WhiteElo "2275"]
[BlackElo "2355"]
[PlyCount "29"]
[EventDate "1998.10.??"]
[EventType "schev"]
[EventRounds "9"]
[EventCountry "DEN"]
[SourceTitle "EXT 2000"]
[Source "ChessBase"]
[SourceDate "1999.11.16"]

1. d4 c5 2. d5 e5 3. e4 d6 4. Nc3 Be7 5. Nf3 Bg4 6. h3 Bxf3 7. Qxf3 Bg5 8. Bxg5
Qxg5 9. Nb5 Qd8 10. Qg4 Kf8 11. Nxd6 Nf6 12. Qc8 Qxc8 13. Nxc8 Nxe4 14. Bd3 Nd7
15. Bxe4 1/2-1/2

[Event "Nordre Efteraar"]
[Site "Aarhus"]
[Date "1998.10.11"]
[Round "2"]
[White "Hellegaard, Carsten"]
[Black "Matthiesen, Martin"]
[Result "0-1"]
[WhiteElo "2275"]
[BlackElo "2275"]
[PlyCount "70"]
[EventDate "1998.10.??"]
[EventType "schev"]
[EventRounds "9"]
[EventCountry "DEN"]
[SourceTitle "EXT 2000"]
[Source "ChessBase"]
[SourceDate "1999.11.16"]

1. d4 Nf6 2. c4 e6 3. Nf3 b6 4. e3 Bb7 5. Bd3 d5 6. O-O Bd6 7. Nc3 O-O 8. Qe2
Nbd7 9. e4 dxe4 10. Nxe4 Nxe4 11. Bxe4 Bxe4 12. Qxe4 c5 13. Rd1 Qc7 14. b3 e5
15. dxc5 Nxc5 16. Qh4 Rae8 17. Be3 f5 18. Rd5 h6 19. b4 Ne4 20. c5 bxc5 21.
bxc5 Be7 22. Qh3 Bd8 23. Nd2 Nf6 24. Rxd8 Qxd8 25. Qxf5 Nd5 26. Qe4 Nxe3 27.
Qxe3 Qd4 28. Rc1 Qxe3 29. fxe3 Rc8 30. Ne4 Rfd8 31. Kf2 Kf7 32. Rc4 Ke6 33. Ra4
Rd7 34. Ra6+ Kd5 35. Ra4 Rb8 $138 0-1

[Event "Nordre Efteraar"]
[Site "Aarhus"]
[Date "1998.10.13"]
[Round "4"]
[White "Hoiberg, Nina"]
[Black "Hellegaard, Carsten"]
[Result "1/2-1/2"]
[WhiteElo "2290"]
[BlackElo "2275"]
[PlyCount "54"]
[EventDate "1998.10.??"]
[EventType "schev"]
[EventRounds "9"]
[EventCountry "DEN"]
[SourceTitle "EXT 2000"]
[Source "ChessBase"]
[SourceDate "1999.11.16"]

1. e4 c5 2. Nf3 e6 3. d4 cxd4 4. Nxd4 a6 5. Bd3 Qc7 6. O-O Nf6 7. Nc3 d6 8. a4
Be7 9. a5 O-O 10. Be3 e5 11. Nb3 Be6 12. Nd2 Nbd7 13. Na4 d5 14. Nb6 Rae8 15.
exd5 Nxd5 16. Nxd5 Bxd5 17. c4 Be6 18. Qb1 f5 19. b4 e4 20. Be2 Bf6 21. Ra3 Be5
22. g3 f4 23. Bb6 Nxb6 24. axb6 Qxb6 25. c5 Qd8 26. Nxe4 fxg3 27. hxg3 Qe7
1/2-1/2

[Event "Nordre Efteraar"]
[Site "Aarhus"]
[Date "1998.10.17"]
[Round "8"]
[White "Hoiberg, Nina"]
[Black "Jacobsen, Bo"]
[Result "1-0"]
[WhiteElo "2290"]
[BlackElo "2270"]
[PlyCount "141"]
[EventDate "1998.10.??"]
[EventType "schev"]
[EventRounds "9"]
[EventCountry "DEN"]
[SourceTitle "EXT 2000"]
[Source "ChessBase"]
[SourceDate "1999.11.16"]

1. e4 g6 2. d4 Bg7 3. Nc3 c6 4. Nf3 d6 5. Bd3 Nd7 6. O-O e5 7. dxe5 dxe5 8. Be3
Ngf6 9. h3 O-O 10. Qd2 Qc7 11. Rfd1 Re8 12. a4 Nf8 13. Bc4 Be6 14. Bxe6 Nxe6
15. Qd6 Qxd6 16. Rxd6 Bf8 17. Rdd1 Bc5 18. Bxc5 Nxc5 19. Nd2 Ne6 20. Nc4 Nd4
21. Rd2 b5 22. axb5 cxb5 23. Nxe5 Nxc2 24. Ng4 Nxg4 25. Rxc2 Nf6 26. Nxb5 a6
27. Nc7 Rec8 28. f3 Ne8 29. Rac1 Nxc7 30. Rxc7 Rxc7 31. Rxc7 h5 32. Kf2 a5 33.
Kg3 a4 34. Kf4 Rb8 35. Rc2 Kg7 36. g3 Rb3 37. h4 a3 38. bxa3 Rxa3 39. Rc7 Ra4
40. Rd7 Rb4 41. Rd3 Rb1 42. e5 Rb4+ 43. Ke3 Ra4 44. Rd4 Ra1 45. Kf4 Re1 46. Re4
Ra1 47. g4 hxg4 48. fxg4 Ra2 49. h5 Rg2 50. Re1 Ra2 51. Kg5 gxh5 52. gxh5 Rg2+
53. Kf4 Rf2+ 54. Kg3 Ra2 55. Re4 Ra1 56. Kg4 Rh1 57. Kg5 Rg1+ 58. Rg4 Rf1 59.
Rf4 Rg1+ 60. Kf5 Ra1 61. Rf2 Ra6 62. Kg5 Re6 63. Rf5 Ra6 64. Rf1 Re6 65. Kf5
Ra6 66. Rg1+ Kh7 67. Rd1 Kg7 68. Rd6 Ra1 69. h6+ Kf8 70. Rd8+ Ke7 71. h7 1-0

[Event "Nordre Efteraar"]
[Site "Aarhus"]
[Date "1998.10.15"]
[Round "6"]
[White "Hoiberg, Nina"]
[Black "Rendboe, John Filip"]
[Result "1-0"]
[WhiteElo "2290"]
[BlackElo "2290"]
[PlyCount "143"]
[EventDate "1998.10.??"]
[EventType "schev"]
[EventRounds "9"]
[EventCountry "DEN"]
[SourceTitle "EXT 2000"]
[Source "ChessBase"]
[SourceDate "1999.11.16"]

1. e4 c5 2. Nf3 Nc6 3. d4 cxd4 4. Nxd4 Nf6 5. Nc3 e5 6. Ndb5 d6 7. Bg5 a6 8.
Na3 Be6 9. Nc4 Rc8 10. Bxf6 Qxf6 11. Nb6 Rb8 12. Ncd5 Qd8 13. c3 Be7 14. Bd3
O-O 15. O-O Bg5 16. Bc2 g6 17. Nc4 b5 18. Nce3 Ne7 19. Bb3 Nxd5 20. Nxd5 Kh8
21. Qd3 Qd7 22. Rad1 f5 23. Ne3 Bxe3 24. fxe3 Rbd8 25. Bxe6 Qxe6 26. Qd5 Qe7
27. Rf3 Rf6 28. Rdf1 Rdf8 29. g3 Kg7 30. Kg2 fxe4 31. Qxe4 Rxf3 32. Rxf3 Rxf3
33. Qxf3 e4 34. Qd1 Kh6 35. Qd5 Kg7 36. a3 h6 37. Qc6 Qe6 38. Qxa6 Qf5 39. Qa7+
Kg8 40. Qd4 Qf3+ 41. Kg1 h5 42. Qd2 Kh7 43. b3 h4 44. gxh4 Qg4+ 45. Kf1 Qf3+
46. Qf2 Qd1+ 47. Kg2 Qxb3 48. h5 gxh5 49. Qf5+ Kh6 50. Qf6+ Kh7 51. Qe7+ Kg8
52. Qe8+ Kg7 53. Qxh5 Qxc3 54. Qg5+ Kf7 55. Qf5+ Kg7 56. Qd7+ Kg8 57. Qxd6 Kf7
58. Qd5+ Kf8 59. Qa8+ Kf7 60. Qa7+ Kg8 61. h4 Qd2+ 62. Kh3 Qd3 63. Kg4 Qd1+ 64.
Kg5 Qd8+ 65. Kf5 Qxh4 66. Qa8+ Kf7 67. Qb7+ Kf8 68. Qc8+ Kg7 69. Qd7+ Kf8 70.
Qd6+ Ke8 71. Qe6+ Kd8 72. Qf6+ 1-0

[Event "Nordre Efteraar"]
[Site "Aarhus"]
[Date "1998.10.10"]
[Round "1"]
[White "Hoiberg, Nina"]
[Black "Williams, Simon Kim"]
[Result "0-1"]
[WhiteElo "2290"]
[BlackElo "2335"]
[PlyCount "52"]
[EventDate "1998.10.??"]
[EventType "schev"]
[EventRounds "9"]
[EventCountry "DEN"]
[SourceTitle "EXT 2000"]
[Source "ChessBase"]
[SourceDate "1999.11.16"]

1. e4 e6 2. Nf3 d5 3. e5 c5 4. b4 cxb4 5. a3 d4 6. axb4 Bxb4 7. Bb5+ Nc6 8. Qe2
Nge7 9. O-O O-O 10. Bb2 Bc5 11. Na3 a6 12. Bd3 Ng6 13. g3 f6 14. Bxg6 hxg6 15.
Qe4 f5 16. Qf4 Qd5 17. Nb5 axb5 18. Rxa8 b6 19. Rxc8 Rxc8 20. Re1 Be7 21. h4
Nb4 22. Nxd4 Rc4 23. Rb1 Nxc2 24. d3 Rxd4 25. Qc1 Rxd3 26. Qxc2 Bc5 0-1